| 000 | 01243nam a2200265Ia 4500 | ||
|---|---|---|---|
| 999 |
_c50350 _d50350 |
||
| 001 | 17291 | ||
| 003 | GE_BSU | ||
| 005 | 20200212134752.0 | ||
| 008 | 181216s2006 xx |||||||||||||| ||geo|| | ||
| 020 | _a 9994048708 | ||
| 040 | _cGE_BSU | ||
| 041 | _ageo | ||
| 080 | _a349.2+69(075.8) ჟ-84 | ||
| 100 |
_aჟორდანია, თ. ნ. _96992 |
||
| 245 |
_aშრომის უსაფრთხოება მშენებლობაში : _b[სახელმძღვ. სამშენებლო ფაკ. სტუდ.] / _c თ. ჟორდანია ; ნ. რაზმაძე ; დ. თევზაძე. |
||
| 264 |
_aთბილისი : _bტექნ. უნ-ტი, _c2006. |
||
| 300 |
_a80 გვ.: _bნახ. _c29 სმ. |
||
| 504 | _aბიბლიოგრ.: გვ. 80. | ||
| 653 | _aმშენებლობა | ||
| 653 | _aშრომის სამართლის სახელმძღვანელოები; შრომის უსაფრთხოება მშენებლობაში; | ||
| 653 | _aსამართალი | ||
| 700 |
_aრაზმაძე, ნ _96993 |
||
| 700 |
_aთევზაძე, დ _96994 |
||
| 942 |
_cBK _2udc |
||